Statistics for American Legal Vocabulary

Click here to take the quiz!

General Stats

  • This quiz has been taken 30,055 times
  • The average score is 14 of 20

Answer Stats

DefinitionTerm% Correct
Money paid to be released
from jail pending trial
Bail
94%
Crime that is more serious
than a misdemeanor
Felony
93%
Court authorization for a search or arrestWarrant
91%
Judge's malletGavel
86%
Where the judge sits.
"Please approach the _____".
Bench
85%
Crime of lying under oathPerjury
84%
Lawyer who opposes the
defense attorney in criminal cases
Prosecutor
82%
Testimony not directly observed. For example,
"Susie told me she saw Bob do it".
Hearsay
75%
A jury that can't reach a decision is ....Hung
74%
To go to a higher court to seek the overturn
of a lower court's decision
Appeal
73%
Writ that requires someone to appear in courtSubpoena
72%
To find not guiltyAcquit
69%
Party that opposes
the defendant in civil cases
Plaintiff
65%
Person who leads the juryForeperson
61%
To separate the jury from
outside influence
Sequester
51%
Award paid to the wronged party in a lawsuitDamages
48%
The list of cases scheduled to be
heard by the court
Docket
48%
Fact-finding process that occurs before a trialDiscovery
38%
An action which causes harm for which
someone can be sued in civil court
Tort
34%
Formal reading of charges
against the accused
Arraignment
29%

Score Distribution

Percentile by Number Answered

Percent of People with Each Score

Your Score History

You have not taken this quiz